| 000 | 01188cam a22002891i 4500 | ||
|---|---|---|---|
| 003 | SA-RiAUC | ||
| 005 | 20251022072455.0 | ||
| 008 | 251020s2014 su g 000 0 ara c | ||
| 040 |
_aSA-JeOIC _bara _cSA-RiAUC _erda |
||
| 043 | _af-ua--- | ||
| 082 | 0 | 4 |
_a245.0962 _qSA-RiAUC |
| 090 |
_a245.0962 _bع ب د ر |
||
| 100 | 1 |
_aعبد الرحيم، أحمد قوشتي _eمؤلف. |
|
| 245 | 1 | 0 |
_aأثر الخصائص الشخصية على ظهور الاتجاهات الفكرية : _bمصر نموذجا / _cأحمد قوشتي عبد الرحيم. |
| 250 | _aالطبعة الأولى. | ||
| 264 | 1 |
_aجدة، السعودية : _bمركز التأصيل للدراسات والبحوث، _c2014 |
|
| 300 |
_a136 صفحة ؛ _c24 سم. |
||
| 336 |
_aنص _btxt _2rdacontent _3كتاب |
||
| 337 |
_aبدون وسيط _bn _2rdamedia |
||
| 338 |
_aمجلد _bnc _2rdacarrier |
||
| 490 | 0 |
_aأوراق فكرية ؛ _v12 |
|
| 650 | 7 |
_aالفرق الإسلامية _zمصر _2aucsh |
|
| 650 | 7 |
_aعلم الكلام _zمصر _2aucsh |
|
| 650 | 7 |
_aالاستدلال (أصول فقه) _2aucsh |
|
| 942 |
_2ddc _cBOOK _n0 |
||
| 949 |
_aSA-JeALM _d251020 _umohamedma123 _n1 |
||
| 999 |
_c12684 _d12684 |
||